00186nam a2200073Ia 4500008004100000100001700041245003600058260001800094170617s9999 xx 000 0 und d aGeissman-T.A 0aPrinciples of Organic Chemistry bMumbai-Source